| 000 | 00675nam a22001457a 4500 | ||
|---|---|---|---|
| 999 |
_c4475 _d234979 |
||
| 080 | _a347.9.9+ 336.71 Al 77 | ||
| 100 |
_4aut _aAlves Silva, Joao |
||
| 245 | _aAbogacía preventiva de Conflictos en las relaciones de Consumo de los Servicios Bancarios | ||
| 300 | _a401 P. | ||
| 500 | _aDirector de tesis: Garrido Cordobera, Lidia María Rosa | ||
| 502 | _aTesis ()--Universidad de Buenos Aires- UBA. Facultad de Derecho: Departamento de Posgrado: Doctorado en Derecho, 2008. | ||
| 650 |
_2IEDCYT _aabogacia preventiva _aResolucion alternativa de Conflictos _acontratacion bancaria _acontratos por adhesion _aderecho del consumo |
||
| 945 |
_acd _d2017-06-07 |
||